| 000 -ლიდერი |
| ფიქსირებული სიგრძის საკონტროლო ველი |
01380nam a2200265Ia 4500 |
| 001 - საკონტროლო ნომერი |
| საკონტროლო ველი |
4617 |
| 003 - საკონტროლო ნომრის იდენტიფიკატორი |
| საკონტროლო ველი |
GE_BSU |
| 005 - ბოლო ოპერაციის თარიღი და დრო |
| საკონტროლო ველი |
20190515205506.0 |
| 008 - ფიქსირებული სიგრძის მონაცემთა ელემენტები - ზოგადი ინფორმაცია |
| ფიქსირებული სიგრძის საკონტროლო ველი |
181216s1982||||ge |||||||||||||| ||geo|| |
| 040 ## - კატალოგიზაციის წყარო |
| Transcribing agency |
GE_BSU |
| 041 ## - ენის კოდი |
| Language code of text/sound track or separate title |
geo |
| 080 ## - უნივერსალური ათობითი კლასიფიკაციის ინდექსი |
| Universal Decimal Classification number |
531.1(072 )ა–38 |
| 100 ## - მთავარი ჩანაწერი - პიროვნების სახელი |
| Personal name |
აიზენბერგი,ტ |
| 9 (RLIN) |
1208 |
| 245 ## - ცნობა სათაურის შესახებ |
| Title |
მეთოდური მითითებანი თეორიული მექანიკის ამოცანების ამოსახსნელად :(დინამიკა) / |
| Statement of responsibility, etc |
ტ. აიზენბერგი ; ვ. ვორონკოვი; ვ. ოსეცკი ; რედ : გოგუაძე; ი ვორონკოვის რედაქციით. |
| 250 ## - გამოცემის ცნობა |
| Edition statement |
თარგმანი მეექვსე რუსული გამოცემიდან. |
| 264 ## - წარმოების, გამოცემის, დისტრიბუციის და სხვა ცნობები |
| გამოცემის, წარმოების, დისტრიბუციის... ადგილი |
თბილისი : |
| გამოცემის, წარმოების, დისტრიბუციის... სახელწოდება |
განათლება, |
| გამოცემის, წარმოების, დისტრიბუციის... თარიღი |
1982. |
| 300 ## - ფიზიკური აღწერა |
| Extent |
214 გვ . ; |
| Other physical details |
ილ ; |
| Dimensions |
22 სმ. |
| 653 ## - INDEX TERM--UNCONTROLLED |
| Uncontrolled term |
თეორიული მექანიკა |
| 653 ## - INDEX TERM--UNCONTROLLED |
| Uncontrolled term |
ფიზიკა |
| 700 ## - ADDED ENTRY--PERSONAL NAME |
| Personal name |
ვორონკოვი, ვ. |
| 9 (RLIN) |
1209 |
| 700 ## - ADDED ENTRY--PERSONAL NAME |
| Personal name |
ოსეცკი, ვ |
| 9 (RLIN) |
1210 |
| 700 ## - ADDED ENTRY--PERSONAL NAME |
| Personal name |
გოგუაძე, ი |
| Relator term |
რედაქტორი |
| 9 (RLIN) |
1211 |
| 700 ## - ADDED ENTRY--PERSONAL NAME |
| Personal name |
ვორონკოვი, ი |
| Relator term |
რედაქციით |
| 9 (RLIN) |
1212 |
| 942 ## - ADDED ENTRY ELEMENTS (KOHA) |
| Koha item type |
წიგნი |
| Source of classification or shelving scheme |
|